[Event "EIWCC 2017"]
[Site "Riga"]
[Date "2017.04.13"]
[Round "3"]
[White "Makka, Ioulia"]
[Black "Golubenko, Valentina"]
[Result "1/2-1/2"]
[WhiteElo "2069"]
[BlackElo "2271"]
[Annotator "NA"]
[PlyCount "180"]
[EventDate "2017.??.??"]
[EventType "swiss"]
[EventCountry "LAT"]
[SourceTitle "playchess.com"]
[Source "ChessBase"]
[SourceQuality "1"]
[TimeControl "40/5400+30:1800+30"]

1. e4 {[%emt 0:00:00]} e6 {[%emt 0:00:24]} 2. d4 {[%emt 0:00:00]} d5 {[%emt 0:00:06]} 3. Nc3 {[%emt 0:00:00]} Nf6 {[%emt 0:00:39]} 4. e5 {[%emt 0:00:03]} Nfd7 {[%emt 0:00:12]} 5. f4 {[%emt 0:00:19]} c5 {[%emt 0:02:45]} 6. Nf3 {[%emt 0:00:13]} Nc6 {[%emt 0:00:27]} 7. Be3 {[%emt 0:00:53]} a6 {[%emt 0:05:55]} 8. Qd2 {[%emt 0:00:35]} b5 {[%emt 0:01:32]} 9. Nd1 {[%emt 0:00:11] C11: French: Classical System: 4 e5 and 4 Bg5 dxe4} cxd4 {[%emt 0:09:15]} (9... Qb6 10. c3 cxd4 11. cxd4 Bb4 12. Nc3 Na5 13. Bd3 Nc4 14. Bxc4 bxc4 15. O-O f5 16. b3 Qc6 17. a3 Ba5 18. b4 Bd8 19. Bf2 Nf8 20. Bh4 Bb6 21. a4 {½-½ (21) Predojevic,B (2640)-Buhmann,R (2633) Germany 2017}) 10. Nxd4 {[%emt 0:02:10]} Nxd4 {[%emt 0:00:51]} 11. Bxd4 {[%emt 0:00:26]} Bb7 {[%emt 0:10:36]} 12. Nf2 $146 {[%emt 0:07:37]} (12. a4 bxa4 13. Bd3 Nc5 14. O-O Nxd3 15. cxd3 Be7 16. f5 exf5 {1-0 (32) Ubiennykh,E (2360)-Dibrov,I (2298) Novokuznetsk 2013}) 12... Be7 {[%emt 0:02:37]} 13. Be2 {[%emt 0:06:20]} O-O {[%emt 0:03:39]} 14. Bg4 {[%emt 0:12:57]} Bc5 {[%emt 0:06:28]} 15. c3 {[%emt 0:03:22]} Qe7 {[%emt 0:03:19]} 16. O-O {[%emt 0:04:30]} a5 {[%emt 0:03:28]} 17. Rae1 {[%emt 0:08:22]} g6 {[%emt 0:04:18]} 18. Nd3 {[%emt 0:08:47]} Bxd4+ {[%emt 0:05:02]} 19. cxd4 {[%emt 0:00:05]} Rfc8 {[%emt 0:00:27]} 20. Re3 {[%emt 0:03:08]} Rc4 {[%emt 0:02:11]} 21. Ne1 {[%emt 0:21:22]} Qb4 {[%emt 0:11:31]} 22. Rd3 {[%emt 0:00:20]} Qxd2 {[%emt 0:02:17]} 23. Rxd2 {[%emt 0:00:03]} Rac8 {[%emt 0:00:39]} 24. Be2 {[%emt 0:02:34]} Rc1 {[%emt 0:05:59]} 25. Bxb5 {[%emt 0:01:40]} Nb6 {[%emt 0:00:57]} 26. b3 {[%emt 0:01:35]} Bc6 {[%emt 0:02:12]} 27. Be2 {[%emt 0:07:03]} Bd7 {[%emt 0:01:58]} 28. Nd3 {[%emt 0:02:27]} R8c2 {[%emt 0:02:54]} 29. Nxc1 {[%emt 0:02:22]} Rxd2 {[%emt 0:00:05]} 30. Rd1 {[%emt 0:02:32]} Rb2 {[%emt 0:00:35]} 31. Kf1 {[%emt 0:01:04]} Nc8 {[%emt 0:04:15]} 32. Ke1 {[%emt 0:00:25]} a4 {[%emt 0:03:07]} 33. Rd2 {[%emt 0:01:06]} a3 {[%emt 0:00:29]} 34. Nd3 {[%emt 0:00:32]} Rb1+ {[%emt 0:01:44]} 35. Rd1 {[%emt 0:00:03]} Rxd1+ {[%emt 0:00:12]} 36. Kxd1 {[%emt 0:01:18]} Na7 {[%emt 0:01:12]} 37. Nb4 {[%emt 0:01:03]} Bb5 {[%emt 0:01:28]} 38. Bxb5 {[%emt 0:00:33]} Nxb5 {[%emt 0:00:02]} 39. Nc2 {[%emt 0:00:24]} Kg7 {[%emt 0:01:47]} 40. Kd2 {[%emt 0:00:00]} g5 {[%emt 0:01:53]} 41. fxg5 {[%emt 0:03:47]} Kg6 {[%emt 0:00:29]} 42. Kd3 {[%emt 0:00:37]} Kxg5 {[%emt 0:00:48]} 43. b4 {[%emt 0:01:58]} f6 {[%emt 0:05:27]} 44. exf6 {[%emt 0:00:29]} Kxf6 {[%emt 0:00:02]} 45. Ne3 {[%emt 0:01:00]} Ke7 {[%emt 0:04:46]} 46. Ng4 {[%emt 0:03:06]} Kf7 {[%emt 0:01:21]} 47. Ne5+ {[%emt 0:01:29]} Kf6 {[%emt 0:00:15]} 48. Nd7+ {[%emt 0:03:13]} Ke7 {[%emt 0:00:29]} 49. Nb6 {[%emt 0:01:43]} Kd6 {[%emt 0:02:05]} 50. Na4 {[%emt 0:01:40]} Kc6 {[%emt 0:01:21]} 51. Nc3 {[%emt 0:01:00]} Nd6 {[%emt 0:00:22]} 52. g4 {[%emt 0:01:52]} Nc4 {[%emt 0:00:56]} 53. g5 {[%emt 0:03:08]} e5 {[%emt 0:00:40]} 54. b5+ {[%emt 0:01:16]} Kd6 {[%emt 0:01:18]} 55. dxe5+ {[%emt 0:01:00]} Nxe5+ {[%emt 0:00:19]} 56. Ke2 {[%emt 0:00:40]} Kc5 {[%emt 0:00:57]} 57. b6 {[%emt 0:01:49]} Kc4 {[%emt 0:13:41]} 58. b7 {[%emt 0:01:01]} Nc6 {[%emt 0:01:29]} 59. Nb1 {[%emt 0:00:19]} Kc5 {[%emt 0:01:23]} 60. Nxa3 {[%emt 0:02:28]} Kb6 {[%emt 0:00:12]} 61. h4 {[%emt 0:01:00]} Kxb7 {[%emt 0:00:06]} 62. Nc2 {[%emt 0:02:02]} Ne7 {[%emt 0:00:50]} 63. Nd4 {[%emt 0:01:31]} Ng6 {[%emt 0:00:52]} 64. Nf3 {[%emt 0:00:24]} Kc6 {[%emt 0:00:50]} 65. Ke3 {[%emt 0:00:15]} Kc5 {[%emt 0:00:12]} 66. h5 {[%emt 0:00:40]} Ne7 {[%emt 0:00:16]} 67. Kd3 {[%emt 0:02:50]} Nf5 {[%emt 0:01:28]} 68. Ne5 {[%emt 0:00:52]} Ng7 {[%emt 0:00:36]} 69. Nd7+ {[%emt 0:00:36]} Kd6 {[%emt 0:00:06]} 70. Nf6 {[%emt 0:00:26]} Ne6 {[%emt 0:01:22]} 71. Nxh7 {[%emt 0:00:33]} Nf4+ {[%emt 0:00:07]} 72. Kd4 {[%emt 0:01:48]} Nxh5 {[%emt 0:00:17]} 73. a4 {[%emt 0:00:44]} Ng7 {[%emt 0:00:19]} 74. g6 {[%emt 0:00:33]} Ne6+ {[%emt 0:00:30]} 75. Kc3 {[%emt 0:00:18]} Kc5 {[%emt 0:00:44]} 76. Nf6 {[%emt 0:00:34]} d4+ {[%emt 0:00:43]} 77. Kb3 {[%emt 0:00:16]} Kd6 {[%emt 0:00:43]} 78. Nh5 {[%emt 0:00:34]} Ke7 {[%emt 0:01:04]} 79. g7 {[%emt 0:00:29]} Kf7 {[%emt 0:00:15]} 80. a5 {[%emt 0:00:24]} d3 {[%emt 0:00:43]} 81. Kc3 {[%emt 0:00:36]} Nc5 {[%emt 0:00:25]} 82. Kb2 {[%emt 0:00:49]} Na4+ {[%emt 0:00:31]} 83. Kb3 {[%emt 0:00:31]} d2 {[%emt 0:00:36]} 84. Kc2 {[%emt 0:00:26]} Nb2 {[%emt 0:00:21]} 85. Kxd2 {[%emt 0:00:20]} Nc4+ {[%emt 0:00:01]} 86. Kd3 {[%emt 0:00:30]} Nxa5 {[%emt 0:00:04]} 87. Ke4 {[%emt 0:00:28]} Nc6 {[%emt 0:00:17]} 88. Kf5 {[%emt 0:00:36]} Nd4+ {[%emt 0:00:28]} 89. Kg5 {[%emt 0:00:23]} Ne6+ {[%emt 0:00:07]} 90. Kf5 {[%emt 0:00:30]} Nxg7+ {[%emt 0:00:06]} 1/2-1/2

[Event "EIWCC 2017"]
[Site "Riga"]
[Date "2017.04.13"]
[Round "3"]
[White "Sinitsina, Anastassia"]
[Black "Komiagina, Maria"]
[Result "0-1"]
[WhiteElo "2052"]
[BlackElo "2247"]
[Annotator "NA RC"]
[PlyCount "60"]
[EventDate "2017.??.??"]
[EventType "swiss"]
[EventCountry "LAT"]
[SourceTitle "playchess.com"]
[Source "ChessBase"]
[SourceQuality "1"]
[TimeControl "40/5400+30:1800+30"]

1. e4 {[%emt 0:00:00]} c5 {[%emt 0:00:07]} 2. Nf3 {[%emt 0:00:05]} e6 {[%emt 0:00:17]} 3. d4 {[%emt 0:00:32]} cxd4 {[%emt 0:00:09]} 4. Nxd4 {[%emt 0:00:29]} Nc6 {[%emt 0:00:08]} 5. Nc3 {[%emt 0:00:28]} Qc7 {[%emt 0:00:16]} 6. Be3 {[%emt 0:00:29]} a6 {[%emt 0:00:07]} 7. Qd2 {[%emt 0:00:35]} Nf6 {[%emt 0:00:09]} 8. f3 {[%emt 0:00:30]} Ne5 {[%emt 0:00:29]} 9. O-O-O {[%emt 0:00:50]} b5 {[%emt 0:00:10]} 10. Bd3 {[%emt 0:03:12]} Bb7 {[%emt 0:00:34]} 11. Kb1 {[%emt 0:01:48]} b4 {[%emt 0:01:08]} 12. Nce2 {[%emt 0:00:54]} d5 {[%emt 0:00:13]} 13. exd5 {[%emt 0:01:22]} Nxd5 {[%emt 0:00:48]} 14. Bf2 {[%emt 0:00:46]} Nc4 {[%emt 0:06:13]} 15. Bxc4 {[%emt 0:03:04]} Qxc4 {[%emt 0:00:06]} 16. Nb3 {[%emt 0:02:24]} a5 {[%emt 0:00:45]} 17. Qe1 {[%emt 0:03:01]} Be7 {[%emt 0:01:20]} 18. Ned4 {[%emt 0:01:58]} O-O {[%emt 0:03:39]} 19. h4 {[%emt 0:08:26]} Bf6 {[%emt 0:02:56]} 20. Nd2 {[%emt 0:02:05]} Qc7 {[%emt 0:01:01]} 21. Ne4 {[%emt 0:01:03]} Bxd4 {[%emt 0:06:38]} 22. Bxd4 {[%emt 0:00:36]} e5 {[%emt 0:00:26]} 23. Bf2 {[%emt 0:02:22]} Rfc8 {[%emt 0:01:06]} 24. Nc5 {[%emt 0:04:34]} a4 {[%emt 0:08:12]} 25. Qd2 {[%emt 0:06:59]} Rd8 {[%emt 0:01:47]} 26. Nd3 {[%emt 0:14:36]} a3 {[%emt 0:01:26]} 27. Nxb4 {[%emt 0:14:11]} axb2 {[%emt 0:01:26]} 28. Nxd5 {[%emt 0:05:43]} Bxd5 {[%emt 0:00:43]} 29. Qb4 {[%emt 0:05:06]} Bxa2+ {[%emt 0:00:37]} 30. Kxb2 {[%emt 0:00:06]} Rdb8 {[%emt 0:00:08]} 0-1

[Event "EIWCC 2017"]
[Site "Riga"]
[Date "2017.04.13"]
[Round "3"]
[White "Otikova, Elina"]
[Black "Semenova, Elena"]
[Result "0-1"]
[WhiteElo "2049"]
[BlackElo "2212"]
[Annotator "NA"]
[PlyCount "64"]
[EventDate "2017.??.??"]
[EventType "swiss"]
[EventCountry "LAT"]
[SourceTitle "playchess.com"]
[Source "ChessBase"]
[SourceQuality "1"]
[TimeControl "40/5400+30:1800+30"]

1. e4 {[%emt 0:00:00]} e5 {[%emt 0:00:15]} 2. Nf3 {[%emt 0:00:00]} Nc6 {[%emt 0:00:04]} 3. Bb5 {[%emt 0:00:00]} a6 {[%emt 0:00:14]} 4. Ba4 {[%emt 0:00:07]} Nf6 {[%emt 0:00:05]} 5. O-O {[%emt 0:00:22]} Be7 {[%emt 0:00:26]} 6. Re1 {[%emt 0:00:15]} b5 {[%emt 0:00:17]} 7. Bb3 {[%emt 0:00:06]} d6 {[%emt 0:00:32]} 8. c3 {[%emt 0:00:21]} O-O {[%emt 0:00:14]} 9. h3 {[%emt 0:00:08]} Bb7 {[%emt 0:00:37]} 10. d4 {[%emt 0:01:09]} Nd7 {[%emt 0:01:20]} 11. Nbd2 {[%emt 0:02:57]} exd4 {[%emt 0:00:46]} 12. cxd4 {[%emt 0:03:54]} Bf6 {[%emt 0:01:05]} 13. Nf1 {[%emt 0:03:18]} Na5 {[%emt 0:02:00]} 14. Bc2 {[%emt 0:01:48]} Re8 {[%emt 0:01:56]} 15. Ng3 {[%emt 0:10:31]} g6 {[%emt 0:02:44]} 16. Bf4 {[%emt 0:03:38]} c5 {[%emt 0:15:05]} 17. Rb1 {[%emt 0:28:12]} cxd4 {[%emt 0:10:47]} 18. Nxd4 {[%emt 0:05:09]} Rc8 {[%emt 0:11:09]} 19. Nde2 {[%emt 0:07:49]} Nc4 {[%emt 0:05:04]} 20. Nd4 {[%emt 0:02:15]} Qb6 {[%emt 0:08:36]} 21. Be3 {[%emt 0:06:24]} Nxe3 {[%emt 0:01:15]} 22. fxe3 {[%emt 0:00:02]} d5 {[%emt 0:06:02]} 23. Rf1 {[%emt 0:01:52]} dxe4 {[%emt 0:04:50]} 24. Qg4 {[%emt 0:05:02]} Bxd4 {[%emt 0:04:36]} 25. Qxd7 {[%emt 0:00:04]} Bxe3+ {[%emt 0:00:26]} 26. Kh1 {[%emt 0:00:07]} Qc7 {[%emt 0:02:19]} 27. Rbd1 {[%emt 0:07:11]} Qxd7 {[%emt 0:00:18]} 28. Rxd7 {[%emt 0:00:01]} Rxc2 {[%emt 0:00:44]} 29. Rxb7 {[%emt 0:03:13]} f5 {[%emt 0:00:24]} 30. Nxf5 {[%emt 0:03:25]} gxf5 {[%emt 0:00:05]} 31. Rxf5 {[%emt 0:00:03]} Rf8 {[%emt 0:01:07]} 32. g4 {[%emt 0:01:19]} Rxf5 {[%emt 0:00:35]} 0-1

[Event "EIWCC 2017"]
[Site "Riga"]
[Date "2017.04.13"]
[Round "3"]
[White "Kouvatsou, Maria"]
[Black "Exler, Veronika"]
[Result "1/2-1/2"]
[WhiteElo "2016"]
[BlackElo "2208"]
[Annotator "NA"]
[PlyCount "63"]
[EventDate "2017.??.??"]
[EventType "swiss"]
[EventCountry "LAT"]
[SourceTitle "playchess.com"]
[Source "ChessBase"]
[SourceQuality "1"]
[TimeControl "40/5400+30:1800+30"]

1. e4 {[%emt 0:00:00]} e5 {[%emt 0:00:03]} 2. Nf3 {[%emt 0:00:00]} Nc6 {[%emt 0:00:04]} 3. Bc4 {[%emt 0:00:02]} Nf6 {[%emt 0:00:05]} 4. d3 {[%emt 0:00:11]} Be7 {[%emt 0:00:04]} 5. O-O {[%emt 0:00:18]} O-O {[%emt 0:00:05]} 6. Re1 {[%emt 0:00:19]} d6 {[%emt 0:01:20]} 7. c3 {[%emt 0:00:24]} Na5 {[%emt 0:00:11]} 8. Bb5 {[%emt 0:00:05]} a6 {[%emt 0:00:04]} 9. Ba4 {[%emt 0:00:04]} b5 {[%emt 0:00:03]} 10. Bc2 {[%emt 0:00:06]} c5 {[%emt 0:00:03]} 11. Nbd2 {[%emt 0:00:30]} Nc6 {[%emt 0:00:06]} 12. Nf1 {[%emt 0:03:02]} Re8 {[%emt 0:00:06]} 13. h3 {[%emt 0:06:52]} h6 {[%emt 0:00:07]} 14. Ng3 {[%emt 0:02:01]} Be6 {[%emt 0:00:07]} 15. Nh2 {[%emt 0:01:34]} d5 {[%emt 0:02:43]} 16. Qf3 {[%emt 0:00:16]} d4 {[%emt 0:34:42]} 17. Nf5 $15 {[%emt 0:01:53] LiveBook: 4 Games} Bxf5 {[%emt 0:12:14]} 18. Qxf5 {[%emt 0:01:50]} Qa5 {[%emt 0:15:36]} 19. Bd2 {[%emt 0:09:34]} dxc3 {[%emt 0:00:49]} 20. bxc3 {[%emt 0:10:12]} b4 {[%emt 0:00:06]} 21. cxb4 {[%emt 0:03:11]} cxb4 {[%emt 0:00:06]} 22. Be3 {[%emt 0:00:13]} Rad8 {[%emt 0:19:15]} 23. Ng4 {[%emt 0:03:58]} Nxg4 {[%emt 0:04:06]} 24. Qxg4 {[%emt 0:06:49]} Rd6 {[%emt 0:02:11]} 25. Bb3 {[%emt 0:01:08]} Rxd3 {[%emt 0:03:42]} 26. Bd5 {[%emt 0:06:36]} Nd4 {[%emt 0:02:15]} 27. Bxd4 {[%emt 0:00:43]} Rxd4 {[%emt 0:00:12]} 28. Qf5 {[%emt 0:00:36]} Bf6 {[%emt 0:00:27]} 29. Qd7 {[%emt 0:04:38]} Re7 {[%emt 0:03:01]} 30. Qc8+ Kh7 31. Qf5+ {[%emt 0:24:25]} Kg8 {[%emt 0:00:02]} 32. Qc8+ {[%emt 0:02:02]} 1/2-1/2

[Event "EIWCC 2017"]
[Site "Riga"]
[Date "2017.04.13"]
[Round "3"]
[White "Chan, Naruna"]
[Black "Charochkina, Daria"]
[Result "0-1"]
[WhiteElo "1981"]
[BlackElo "2381"]
[Annotator "NA"]
[PlyCount "142"]
[EventDate "2017.??.??"]
[EventType "swiss"]
[EventCountry "LAT"]
[SourceTitle "playchess.com"]
[Source "ChessBase"]
[SourceQuality "1"]
[TimeControl "40/5400+30:1800+30"]

1. e4 {[%emt 0:00:00]} c5 {[%emt 0:01:34]} 2. c3 {[%emt 0:00:00]} d6 {[%emt 0:00:22]} 3. d4 {[%emt 0:00:24]} Nf6 {[%emt 0:00:14]} 4. Bd3 {[%emt 0:00:32]} Qc7 {[%emt 0:00:05]} 5. Nf3 {[%emt 0:01:16]} Bg4 {[%emt 0:00:10]} 6. O-O {[%emt 0:01:11]} Nc6 {[%emt 0:00:35]} 7. Na3 {[%emt 0:11:26]} a6 {[%emt 0:08:36]} 8. Nc2 {[%emt 0:04:13]} e6 {[%emt 0:03:26]} 9. Re1 {[%emt 0:02:59]} Be7 {[%emt 0:04:10]} 10. h3 {[%emt 0:12:09]} Bh5 {[%emt 0:00:38]} 11. Qe2 {[%emt 0:12:10]} O-O $11 {[%emt 0:04:56]} 12. g4 {[%emt 0:05:45]} Bg6 {[%emt 0:02:24]} 13. Nh4 {[%emt 0:03:43]} Bxe4 {[%emt 0:15:01]} 14. Bxe4 {[%emt 0:00:24]} Nxe4 {[%emt 0:00:04]} 15. Qxe4 {[%emt 0:00:09]} d5 {[%emt 0:00:17]} 16. Qf4 {[%emt 0:00:51]} Qxf4 {[%emt 0:01:14]} 17. Bxf4 {[%emt 0:00:03]} Bxh4 {[%emt 0:00:06]} 18. dxc5 {[%emt 0:04:16]} Be7 {[%emt 0:04:27]} 19. b4 {[%emt 0:00:52]} Bf6 {[%emt 0:00:27]} 20. Re3 {[%emt 0:05:56]} d4 {[%emt 0:23:50]} 21. cxd4 {[%emt 0:01:34]} Nxd4 {[%emt 0:00:18]} 22. Rc1 {[%emt 0:00:41]} Rfd8 {[%emt 0:04:04]} 23. Re4 {[%emt 0:12:17]} Nb5 {[%emt 0:01:12]} 24. Be5 {[%emt 0:07:40]} Bxe5 {[%emt 0:00:33]} 25. Rxe5 {[%emt 0:00:01]} Nc3 {[%emt 0:00:11]} 26. Re3 {[%emt 0:00:40]} Nd5 {[%emt 0:00:22]} 27. Rf3 {[%emt 0:04:07]} g5 {[%emt 0:00:15]} 28. Kh2 {[%emt 0:01:33]} Nf4 {[%emt 0:00:44]} 29. Ne1 {[%emt 0:04:20]} Rd2 {[%emt 0:04:21]} 30. Rc2 {[%emt 0:00:14]} Rad8 {[%emt 0:03:22]} 31. Rfc3 {[%emt 0:00:22]} Rd1 {[%emt 0:09:33]} 32. Ng2 {[%emt 0:00:20]} Nd5 {[%emt 0:02:25]} 33. Rb3 {[%emt 0:00:16]} Rd4 {[%emt 0:02:58]} 34. b5 {[%emt 0:00:23]} Nb4 {[%emt 0:01:08]} 35. Rcb2 {[%emt 0:00:23]} a5 {[%emt 0:00:44]} 36. a3 {[%emt 0:01:13]} Nd3 {[%emt 0:00:10]} 37. Rc2 {[%emt 0:00:02]} a4 {[%emt 0:01:17]} 38. Rbc3 {[%emt 0:00:19]} Ne5 {[%emt 0:00:45]} 39. c6 {[%emt 0:00:24]} bxc6 {[%emt 0:01:48]} 40. bxc6 {[%emt 0:00:00]} Rc8 {[%emt 0:01:03]} 41. Ne3 {[%emt 0:13:39]} f6 {[%emt 0:11:10]} 42. Kg3 {[%emt 0:06:31]} Kf8 {[%emt 0:02:25]} 43. Nc4 {[%emt 0:05:15]} Rxc6 {[%emt 0:03:44]} 44. Nxe5 {[%emt 0:00:07]} Rxc3+ {[%emt 0:00:03]} 45. Rxc3 {[%emt 0:00:04]} fxe5 {[%emt 0:00:03]} 46. Kf3 {[%emt 0:01:21]} Ke7 {[%emt 0:06:29]} 47. Ke3 {[%emt 0:00:20]} Kd6 {[%emt 0:04:31]} 48. Rc8 {[%emt 0:00:25]} Kd5 {[%emt 0:00:20]} 49. Rg8 {[%emt 0:03:29]} h6 {[%emt 0:01:12]} 50. Rg6 {[%emt 0:00:49]} Rc4 {[%emt 0:00:54]} 51. Kd2 {[%emt 0:00:39]} Rf4 {[%emt 0:00:39]} 52. Ke2 {[%emt 0:00:53]} Re4+ {[%emt 0:04:05]} 53. Kd2 {[%emt 0:03:22]} Rd4+ {[%emt 0:00:30]} 54. Ke2 {[%emt 0:00:01]} Re4+ {[%emt 0:00:55]} 55. Kd2 {[%emt 0:00:02]} Kc4 {[%emt 0:00:22]} 56. Rxe6 {[%emt 0:02:36]} Kb3 {[%emt 0:00:12]} 57. Rxh6 {[%emt 0:02:17]} Kxa3 {[%emt 0:00:08]} 58. f3 {[%emt 0:00:19]} Rf4 {[%emt 0:00:37]} 59. Ke3 {[%emt 0:01:08]} Kb3 {[%emt 0:00:07]} 60. h4 {[%emt 0:00:19]} gxh4 {[%emt 0:00:52]} 61. Rxh4 {[%emt 0:01:03]} a3 {[%emt 0:00:31]} 62. Rh1 {[%emt 0:00:02]} a2 {[%emt 0:00:13]} 63. g5 {[%emt 0:00:16]} Rh4 {[%emt 0:01:26]} 64. Rg1 {[%emt 0:00:32]} Rh2 {[%emt 0:00:25]} 65. g6 {[%emt 0:00:47]} Rg2 {[%emt 0:00:13]} 66. Rxg2 {[%emt 0:00:33]} a1=Q {[%emt 0:00:03]} 67. g7 {[%emt 0:00:29]} Qe1+ {[%emt 0:01:12]} 68. Re2 {[%emt 0:00:59]} Qg1+ {[%emt 0:00:11]} 69. Ke4 {[%emt 0:00:26]} Qxg7 {[%emt 0:00:17]} 70. f4 {[%emt 0:00:38]} Qg6+ {[%emt 0:01:07]} 71. Ke3 {[%emt 0:00:30]} Qg3+ 0-1

[Event "EIWCC 2017"]
[Site "Riga"]
[Date "2017.04.14"]
[Round "4"]
[White "Muzychuk, Mariya"]
[Black "Michna, Marta"]
[Result "1-0"]
[WhiteElo "2546"]
[BlackElo "2389"]
[Annotator "TA"]
[PlyCount "55"]
[EventDate "2017.??.??"]
[EventType "swiss"]
[EventCountry "LAT"]
[SourceTitle "playchess.com"]
[Source "ChessBase"]
[SourceQuality "1"]

{[%evp 9,55,10,16,-11,25,28,42,22,28,9,26,30,33,16,68,47,87,88,136,116,183,180,305,288,259,146,145,143,143,150,142,143,204,204,210,210,203,198,224,235,213,228,331,302,406,406,379,363]} 1. d4 {[%cal Bd2d4,Bd4d5][%mdl 32]} e6 2. c4 b6 3. Nc3 Bb7 4. a3 f5 5. d5 Bd6 {LiveBook: 9 Games. A40: Unusual replies to 1 d4} (5... Nf6 6. g3 Na6 7. Bg2 Nc5 8. Nh3 Bd6 9. O-O O-O 10. Nb5 Be5 11. Bf4 Bxf4 12. Nxf4 a6 13. Nc3 Qe8 14. e3 e5 15. Nd3 Nce4 {0-1 (67) Riazantsev,A (2688)-Dubov,D (2627) Sochi 2015}) 6. e4 Nf6 7. exf5 O-O {White has an edge.} 8. fxe6 $146 ({Much worse is} 8. dxe6 dxe6 9. fxe6 Qe7 $11) (8. Nf3 exf5 9. Be2 Ne4 10. Nxe4 fxe4 11. Ng5 Na6 12. Qc2 Nc5 13. b4 {1-0 (42) Daus,P (2395)-Hellbing,B (2510) LSS email 2008}) 8... dxe6 9. Nf3 ({Of course not} 9. dxe6 Qe7 $15) 9... exd5 10. cxd5 Kh8 11. Bc4 Ng4 (11... c6 $11) 12. Qd4 Qd7 {White must now prevent ...Bc5.} 13. Ne4 Bc5 14. Qd3 Qe8 {[#]} (14... Be7 $16 {might work better.}) 15. O-O $1 $18 Rxf3 (15... Nd7 $142) 16. Qxf3 (16. gxf3 Ne5 17. Qc3 Nxc4 $16) 16... Ne5 17. Qe2 ({White should play} 17. Qc3 $18 Nxc4 18. Nxc5 (18. Qxc4 Ba6 19. Qc2 Bxf1 $16) 18... Bxd5 19. Nd3) 17... Nxc4 $16 18. Qxc4 Ba6 19. Qc2 Bxf1 20. Kxf1 Qh5 (20... Qe5 $16) 21. Nxc5 $40 {[%mdl 128] White is out for blood.} bxc5 22. Bf4 {Threatens to win with d6.} Nd7 23. Qd1 Qf5 24. Bxc7 Nf6 25. d6 Ng4 (25... Qe5 {is a better defense.}) 26. Qe2 Nxh2+ 27. Kg1 Ng4 28. Qf3 1-0

[Event "EIWCC 2017"]
[Site "Riga"]
[Date "2017.04.14"]
[Round "4"]
[White "Dzagnidze, Nana"]
[Black "Muzychuk, Anna"]
[Result "1/2-1/2"]
[WhiteElo "2528"]
[BlackElo "2587"]
[Annotator "TA"]
[PlyCount "34"]
[EventDate "2017.??.??"]
[EventType "swiss"]
[EventCountry "LAT"]
[SourceTitle "playchess.com"]
[Source "ChessBase"]
[SourceQuality "1"]

{[%evp 11,34,0,18,0,43,42,43,15,64,63,62,54,79,45,42,8,10,0,27,29,16,16,0,0,33]} 1. c4 c5 2. Nc3 Nc6 3. g3 g6 4. Bg2 Bg7 5. Nf3 e6 6. d4 {A37: Symmetrical English vs ...g6: 4 Bg2 Bg7 5 Nf3} Nxd4 {LiveBook: 58 Games} (6... cxd4 7. Nb5 d5 8. cxd5 exd5 9. O-O Nge7 10. Bf4 O-O 11. Qd2 Nf5 12. g4 Nfe7 13. h3 a6 14. Nd6 h6 15. Nxc8 Rxc8 16. Bxh6 f5 17. Bxg7 Kxg7 18. Nxd4 {0-1 (62) Grischuk,A (2754)-Carlsen,M (2857) chess.com INT 2016}) 7. Bf4 d5 $146 (7... d6 8. Nxd4 cxd4 9. Qa4+ Bd7 10. Nb5 Qb6 11. Bxd6 a6 12. Qa3 Rc8 13. Nc7+ Rxc7 {1-0 (61) Harutyunian,T (2472)-Hovhannisyan,K (2304) Yerevan 2015}) 8. cxd5 {White is slightly better.} Ne7 9. O-O Nxd5 10. Nxd5 exd5 11. Nxd4 Bxd4 12. Qb3 O-O 13. Bxd5 Qb6 14. Qf3 Bxb2 ({Don't go for} 14... Qxb2 $2 15. Rab1 Qc2 16. Bd6 $18 (16. Bxb7 Bxb7 17. Rxb7 Qxa2 $11)) 15. Rab1 {[#] Strongly threatening Bc1.} Qf6 $1 16. Bxb7 Bxb7 17. Qxb7 Bd4 1/2-1/2

[Event "EIWCC 2017"]
[Site "Riga"]
[Date "2017.04.14"]
[Round "4"]
[White "Batsiashvili, Nino"]
[Black "Malakhova, Elizaveta"]
[Result "1/2-1/2"]
[WhiteElo "2496"]
[BlackElo "2324"]
[Annotator "TA"]
[PlyCount "163"]
[EventDate "2017.??.??"]
[EventType "swiss"]
[EventCountry "LAT"]
[SourceTitle "playchess.com"]
[Source "ChessBase"]
[SourceQuality "1"]

{[%evp 10,162,20,5,27,14,26,-2,4,1,0,0,0,0,-8,-4,0,-13,-6,-18,-18,-17,0,7,4,3,91,87,70,74,106,96,112,101,114,106,87,84,108,95,106,85,77,83,104,87,126,50,102,41,41,41,35,40,50,44,66,41,41,8,8,8,17,0,0,0,0,0,0,0,0,0,0,0,0,0,0,0,0,0,0,0,0,0,0,0,0,0,0,0,0,0,0,0,0,0,0,0,0,0,0,0,0,0,0,0,0,0,0,0,0,0,0,0,0,0,0,0,0,0,0,0,0,0,35,35,35,35,35,35,35,35,35,35,35,35,35,35,35,35,35,0,35,0,35,0,0,0,0,0,0,0,0,0,0]} 1. d4 e6 2. c4 f5 3. Nc3 Nf6 4. f3 Bb4 {A85: Dutch Defence: 2 c4 Nf6 3 Nc3} (4... d5 5. Bg5 Be7 6. e3 O-O 7. Bd3 c5 8. Nge2 Nc6 9. a3 cxd4 10. exd4 e5 11. O-O exd4 12. Bxf6 dxc3 13. Bxc3 {1-0 (50) Ivanisevic,I (2662)-Rombaldoni,A (2518) Bergamo 2015}) 5. Bd2 O-O 6. a3 {LiveBook: 8 Games} Be7 7. e3 c5 8. Bd3 Nc6 9. Nge2 d5 10. cxd5 $146 (10. Qc2 cxd4 11. exd4 dxc4 12. Bxc4 Nxd4 {0-1 (32) Rodriguez Lazo,L (1868)-Viera,E (2191) Montevideo 2012}) 10... cxd4 11. dxc6 dxc3 12. Bxc3 bxc6 13. Qc2 Qb6 14. e4 fxe4 15. Bxe4 ({But not} 15. fxe4 $2 Ng4 16. O-O-O Rb8 $19) 15... Nxe4 16. Qxe4 e5 17. Bxe5 ({Weaker is} 17. Qxe5 Bf6 18. Qa5 (18. Qe4 $2 Ba6 19. Bxf6 Rae8 $19) 18... Bxc3+ 19. Qxc3 Re8 $17) 17... Bf6 (17... Bf5 $11 {remains equal.} 18. Qc4+ Rf7) 18. Bxf6 Rxf6 19. Qd4 Qb5 {[#] White must now prevent ...Ba6.} 20. a4 Qa6 21. Kf2 Bf5 22. Rhe1 Rb8 23. Ng3 (23. Red1 $5 {is interesting.} c5 24. Qd5+ Qe6 25. Qxc5 Rxb2 26. Rd8+) 23... Qb6 24. Qxb6 Rxb6 25. Re2 Bg6 26. Rd1 Rf8 27. Rd7 {a5 is the strong threat.} a6 28. Rc7 (28. Kg1 $16) 28... Rfb8 ({Better is} 28... Rf7 $14 29. Rxf7 Kxf7) 29. a5 (29. b3 $16) 29... Rxb2 $14 30. Rxc6 Bd3 {[#]} 31. Rc8+ $1 {[%mdl 512]} Rxc8 32. Rxb2 {[%mdl 4096] Endgame KRB-KRN} Rc3 33. Ne2 Ra3 34. Nc1 Bc4 35. Rc2 Ra4 36. Ke3 Kf7 37. g3 Ke6 38. Rc3 g6 39. Nb3 Bxb3 40. Rxb3 Rxa5 $11 {KR-KR} 41. Kf4 Ra4+ 42. Kg5 {aiming for Kh6.} Ra5+ $1 43. Kg4 h5+ 44. Kh4 Rb5 45. Rc3 a5 46. Rc6+ Kf7 47. Ra6 Rf5 48. f4 Kg7 49. h3 Kf7 50. g4 hxg4 51. hxg4 Rb5 52. Ra7+ Kg8 53. Rc7 Kf8 54. Rc3 Kf7 55. Ra3 Kf6 56. Ra4 Ke6 57. Rc4 Kf7 58. Rc3 Kg7 59. Kg3 Kf7 60. Kf3 Kg7 61. Rc7+ Kf8 62. Ra7 Kg8 63. Ke4 Kf8 64. f5 gxf5+ 65. gxf5 Kg8 66. Kf4 Kf8 67. Kg5 Rb6 68. Rxa5 Rc6 69. Ra7 Rb6 70. Rh7 Kg8 71. Re7 Kf8 72. Rd7 Ra6 73. Rd4 Kf7 74. Rh4 Rb6 75. Rh7+ Kg8 76. Re7 Kf8 77. Re6 Rxe6 {The position is equal.} 78. fxe6 {White wants to mate with Kf6.} Ke7 79. Kf5 Ke8 80. Kf6 {Intending e7 and mate.} Kf8 81. e7+ Ke8 82. Ke6 $2 {[%mdl 8192]} (82. Kg5 Kxe7) 1/2-1/2